000 01080nam a2200205 a 4500
001 BRCA_2062
005 20190320203644.0
008 070808s2006----mx-a---###---#000-0#spa-#
050 4 _aNC1807.M4
_b.B54 9
_c2006
245 1 0 _a9 [i.e. Novena] Bienal Internacional del Cartel en México = Ninth International Biennial of the Poster in Mexico = Neuvième Biennale Internationale de L´Affiche au Mexique.
260 _aMéxico
_bGobierno del Estado de Veracruz : UAM : UNAM : Universidad Veracruzana : Fondo Nacional para la Cultura y las Artes : Trama Visual
_c2006
300 _a202 p.
_bil. a color
_c30 cm.
500 _aCatálogo de la exposición realizada en el Museo Franz Mayer (Ciudad de México), 30 octubre, 2006 - 7 febrero, 2007
546 _aTexto en : español, inglés y francés
650 1 4 _aCarteles
_vConcursos
_xDiseño
_zMéxico
_96279
650 1 4 _aDiseñadores gráficos
_vExposiciones
_zMéxico
_96280
740 0 _aNinth International Biennial of the Poster in Mexico
740 0 _aNeuvième Biennale Internationale de L´Affiche au Mexique
942 _2lcc
_cB
999 _c1824
_d1824